| 000 | 01817ngm a2200337 i 4500 | ||
|---|---|---|---|
| 005 | 20220317000324.0 | ||
| 007 | ta | ||
| 008 | 21091022005 ck j s vcspa d spa | ||
| 020 | _a9781595270418 | ||
| 040 |
_aCO-BoRNBP _bspa _erda _cCO-BoRNBP |
||
| 041 | 0 | _aspa | |
| 082 | 0 | 4 |
_a611 _bD37u _222 |
| 082 | 0 | 4 |
_a 611 _bD37u F1-2016 |
| 110 | 2 |
_aDiscovery Communications _9190166 |
|
| 245 | 1 | 3 |
_aLa última guía del cuerpo humano _cDiscovery Communications |
| 264 | 1 |
_aBogotá _bMS Tv & Videos _c2005 |
|
| 300 |
_a1 DVD (49 minutos) _bestéreo, color _c20 cm |
||
| 336 |
_aimagen en movimiento bidimensional _btdi _2rdacontent |
||
| 337 |
_avideo _bv _2rdamedia |
||
| 338 |
_avideodisco _bvd _2rdacarrier |
||
| 490 | 0 | _aDiscovery Channel. Salud | |
| 520 | 3 | _aSabía que.. La estructura más compleja de nuestro planeta, es el cuerpo humano. Está lleno de agujeros y sin embargo contiene casi 70 litros de agua y cerca de medio litro de ácido clorhídrico, posee más proteínas que 30 kilos de maní, tiene suficiente carbón para fabricar 1000 lápices y suficiente fósforo como para 300 cerillos; eso que suena como una colección de sustancias químicas en una bolsa agujerada se trata del cuerpo humano. Acompañenos a un espectacular viaje al interior de esta asombrosa máquina que habitamos; veamos la composición y funcionamiento de cada uno de sus órganos desde lo físico hasta lo psicológico | |
| 521 | _aRecomendado para un público mayor de 12 años | ||
| 650 | 1 | 7 |
_aAnatomía humana _vDVD _2LEMB |
| 650 | 1 | 7 |
_aCuerpo humano _vDVD _2LEMB |
| 650 | 1 | 7 |
_aAparato circulatorio _xFunción _vDVD _2LEMB |
| 650 | 1 | 7 |
_aAparato digestivo _xFunción _vDVD _2LEMB |
| 650 | 1 | 7 |
_aAparato locomotor _xFunción _vDVD _2LEMB |
| 650 | 1 | 7 |
_aAparato respiratorio _xFunción _vDVD _2LEMB |
| 942 |
_2ddc _cDVD |
||
| 999 |
_c3720 _d3720 |
||